| 000 | 00329nam a22001337a 4500 | ||
|---|---|---|---|
| 008 | 170210b xxu||||| |||| 00| 0 eng d | ||
| 020 | _a9780781769020 | ||
| 041 | _aeng | ||
| 080 |
_28TH _a61 |
||
| 100 | _a4 | ||
| 101 | _aSHM | ||
| 245 |
_aACSM'S GUIDELINES FOR EXERCISE TESTING AND PRESCRIPTION _cTHOMPSON, W.R |
||
| 942 |
_2udc _cBK |
||
| 999 |
_c5085 _d5085 |
||